Die Kultkammer des Prinzen Kanjnjswt im Wiener Kunsthistorischen Museum.

محفوظ في:

المؤلف الرئيسي: Junker, Hermann, 1877-1962.

التنسيق: كتاب

اللغة: German

منشور في: Wien : Kunsthistorisches Museum, 1955.

الطبعة: 4. unveränderte Aufl.

سلاسل: Kunsthistorisches Museum Wien. Führer durch das Kunsthistorische Museum ; 4.

الموضوعات:

الوسوم: إضافة وسم

لا توجد وسوم, كن أول من يضع وسما على هذه التسجيلة!

رقم الطلب: ( P )DT73 .G5 J93 1955

LEADER 00857nam a2200229Ia 4500
003 OSt
005 20240708095408.0
008 840223s1955 au f 000 0 ger d
952 |0 0  |1 0  |2 lcc  |4 0  |7 1  |9 43802  |a ARCE  |b ARCE  |d 2022-11-24  |l 0  |o ( P )DT73 .G5 J93 1955  |p 1026910  |r 2022-11-24 00:00:00  |w 2022-11-24  |y BK 
999 |c 50259  |d 50259 
040 |c ARCE Library 
050 4 |a ( P )DT73 .G5 J93 1955 
100 1 |a Junker, Hermann,   |d 1877-1962. 
245 1 0 |a Die Kultkammer des Prinzen Kanjnjswt im Wiener Kunsthistorischen Museum. 
250 |a 4. unveränderte Aufl. 
264 1 |a Wien :   |b Kunsthistorisches Museum,   |c 1955. 
300 |a 28 p. :   |b 12 p. of plates ;   |c 23 cm. 
490 0 |a Kunsthistorisches Museum Wien. Führer durch das Kunsthistorische Museum ; 4.  
650 0 |a Tombs -- Egypt. 
651 0 |a Egypt -- Antiquities. 
901 |a reviewed 
942 |2 lcc  |c BK